Logistika a supply chain management

Charakteristika eurologistiky. Riadenie dodávateľského reťazca. Logistický audit. Vzájomná prepojenosť logistických funkcií a predmetu auditu.

Gespeichert in:
Bibliographische Detailangaben
1. Verfasser: Kiaba, Martin
Weitere Verfasser: Štofilová, Jana
Format: Buchkapitel
Sprache:Slowakisch
Schlagworte:
Tags: Tag hinzufügen
Keine Tags, Fügen Sie das erste Tag hinzu!

MARC

LEADER 00000naa$a2200000$$$4500
001 0105272
005 20240502072147.4
041 0 |a slo 
044 |a SK 
245 1 0 |a Logistika a supply chain management  |c Martin Kiaba, Jana Štofilová 
520 |a Charakteristika eurologistiky. Riadenie dodávateľského reťazca. Logistický audit. Vzájomná prepojenosť logistických funkcií a predmetu auditu. 
610 2 0 |a logistika marketingová 
610 2 0 |a audit 
610 2 0 |a znižovanie nákladov 
610 2 0 |a podnik 
610 2 0 |a reťazce dodávateľsko-odberateľské 
100 1 |a Kiaba, Martin 
700 1 |a Štofilová, Jana